ბათუმის შოთა რუსთაველის სახელმწიფო უნივერსიტეტის ბიბლიოთეკა

სამაგიდო წიგნი ექიმებისათვის : (ბიბ.ჩანაწერი № 61912)

000 -ლიდერი
ფიქსირებული სიგრძის საკონტროლო ველი 01411nam a22002177a 4500
003 - საკონტროლო ნომრის იდენტიფიკატორი
საკონტროლო ველი Ge_BSU
005 - ბოლო ოპერაციის თარიღი და დრო
საკონტროლო ველი 20240607115151.0
008 - ფიქსირებული სიგრძის მონაცემთა ელემენტები - ზოგადი ინფორმაცია
ფიქსირებული სიგრძის საკონტროლო ველი 240607s2006 ge ||||| |||| 00| 0 geo d
041 ## - ენის კოდი
Language code of text/sound track or separate title geo
080 ## - უნივერსალური ათობითი კლასიფიკაციის ინდექსი
Universal Decimal Classification number 61(035) + 349.3 ს-21
245 ## - ცნობა სათაურის შესახებ
Title სამაგიდო წიგნი ექიმებისათვის :
Remainder of title რა უნდა იცოდეს ექიმმა : ცვლილებებითა და დამატებებით 2006 წლის 25 ნოემბრამდე /
Statement of responsibility, etc [რედ. გოგა ჩახუნაშვილი].
264 ## - წარმოების, გამოცემის, დისტრიბუციის და სხვა ცნობები
გამოცემის, წარმოების, დისტრიბუციის... ადგილი თბილისი :
გამოცემის, წარმოების, დისტრიბუციის... სახელწოდება [ბონა კაუზა],
გამოცემის, წარმოების, დისტრიბუციის... თარიღი 2006.
300 ## - ფიზიკური აღწერა
Extent 298 გვ. ;
Other physical details 20 სმ.
490 ## - სერიის ცნობა
Series statement იურისტის ბიბლიოთეკა
653 ## - INDEX TERM--UNCONTROLLED
Uncontrolled term ექიმების ცნობარი
653 ## - INDEX TERM--UNCONTROLLED
Uncontrolled term საექიმო საქმიანობის შესახებ საქართველოს კანონი
653 ## - INDEX TERM--UNCONTROLLED
Uncontrolled term სამედიცინო დაზღვევის შესახებ საქართველოს კანონი
653 ## - INDEX TERM--UNCONTROLLED
Uncontrolled term პაციენტის უფლებების შესახებ საქართველოს კანონი
700 ## - ADDED ENTRY--PERSONAL NAME
Personal name ჩახუნაშვილი, გოგა.
Relator term რედაქტორი
9 (RLIN) 22356
942 ## - ADDED ENTRY ELEMENTS (KOHA)
Source of classification or shelving scheme
Koha item type წიგნი
ეგზემპლარები
ჩამოწერის სტატუსი დაკარგული ეგზემპლარის სტატუსი კლასიფიკაციის წყარო ან თაროზე გაწყობის სქემა დაზიანების სტატუსი არ გაიცემა მუდმივი მდებარეობა (დაცვის ადგილი) ამჟამინდელი ადგილსამყოფელი თაროზე განთავსების ადგილი შეძენის თარიღი ღირებულება, შესყიდვის ნორმალური ფასი სრული შენახვის შიფრი შტრიხკოდი ბოლო ოპერაციის თარიღი ეგზემპლარის მიმდევრობითი ნომერი (კეტერი?) ფასის ძალაში შესვლის თარიღი ეგზემპლარის სახეობა საჯარო შენიშვნა
          ბათუმის შოთა რუსთაველის სახელმწიფო უნივერსიტეტის მთავარი ბიბლიოთეკა ბათუმის შოთა რუსთაველის სახელმწიფო უნივერსიტეტის მთავარი ბიბლიოთეკა წიგნსაცავი 2024-06-07 14.00 61(035) + 349.3 ს-21 68070 2024-06-07 68070 2024-06-07 წიგნი 14 ლ.